00830cam a2200229 a 450000100060000000300080000600500170001400800390003102000290007003500190009904000270011804100080014508200270015324501140018025000120029426000520030630000370035850400390039550501030043465100280053770000350056527482BD-RjUL20211209051147.0140325s1985 caua b 001 0 eng a015565666X (pbk. : v. 2) a(BD-RjUL)27556 aDLCcDLCdBD-RjULbeng aeng00a973219bNAT Pt-2 198504aThe National experience /cJohn M. Blum ... [et al.].nPart Two :pA history of the United States since 1865. a6th ed. aSan Diego :bHarcourt Brace Jovanovich,cc1985. axx, 388-983 p. :bill. ;c26 cm. aIncludes bibliographies and index.0 apt. 1. A history of the United States to 1877 -- pt. 2. A history of the United States since 1865. 0aUnited StatesxHistory.1 aBlum, John Morton,d1921-2011.